00609nam a2200205 a 450000100060000000300090000600800410001502000150005604000280007109000090009910000370010824500700014526000610021530000170027665000400029365000200033365000210035394200120037499900170038625113CO-ViMGA141112s2004 ck r 000 u spa d a9588205476 aCO-ViMGAbspacCO-ViMGA aGUAa1 aGuarin Salazar, Milkiades93825310aEl anillo mágico de los nibelungos / cMilkiades Guarin Salazar aColombia : bUniversidad Cooperativa de Colombia, c2004 a103 p. : il.14aLiteratura infantil colombiana 93414aMitologia9432414aZarzuela 938254 2ddccBK c32743d32743